Masters of sociological thought: Ideas in historical social context (Record no. 29021)

MARC details
000 -LEADER
fixed length control field 00324nam a2200121Ia 4500
082 ## - DEWEY DECIMAL CLASSIFICATION NUMBER
Classification number 301
Item number COS
100 ## - MAIN ENTRY--AUTHOR NAME
Personal name L A
245 #0 - TITLE STATEMENT
Title Masters of sociological thought: Ideas in historical social context
250 ## - EDITION STATEMENT
Edition statement Ed.2
260 ## - PUBLICATION, DISTRIBUTION, ETC. (IMPRINT)
Place of publication New York
Name of publisher Harcourt Brace
Year of publication 1977
942 ## - ADDED ENTRY ELEMENTS (KOHA)
Koha item type Books
Holdings
Withdrawn status Lost status Damaged status Not for loan Home library Current library Date acquired Cost, normal purchase price Full call number Accession Number Koha item type
        RRII Library RRII Library 16/12/2021 8.95 301 COS 09611 Books